000 004150000a22001690004500
003 MACL
005 20160113125416.0
008 160113b xxu||||| |||| 00| 0 eng d
040 _aMACL
_cMACL
041 _aEnglish
082 _a954/INF
100 _aSatyajit, S
_931697
245 _aIndia Who's Who 1972
260 _bInfa Publications
_aNew Delhi
650 _aIndian History
_9227
942 _cBK
_k954/Inf
_2ddc
999 _c36023
_d36023